Justicia, constitucin̤ y pluralismo

Bibliographic Details
Main Author: Pizzorusso, Alessandro
Format: Unknown
Language:Spanish
Published: Lima : Palestra, 2007
Subjects:
Online Access:Acceso restringido

MARC

LEADER 00000ny a22000003n 4500
005 20110620130423.0
008 100324s2007 pe 000 0 spa d
020 |a 9789972224669 
035 |a 4884 
040 |a Mpons.   |d vlex 
080 |a 342.4 (05) 
090 |c 1373  |d 1373 
100 1 |a Pizzorusso, Alessandro 
245 1 0 |a Justicia, constitucin̤ y pluralismo  |h [Recurso electrn̤ico]  |c Alessandro Pizzorusso 
256 |a Servicio en ln̕ea 
260 |a Lima :  |b Palestra,  |c 2007 
506 1 |a Contenido solo disponible en los productos indicados  |d vLex Global  |d vLex Global (Academic Edition, excluding Law Schools)  |d vLex Global (U.S. Academic Edition, Law Schools)  |d vLex Global (U.S. Academic Edition, excluding Law Schools)  |d vLex Global (Academic Edition, Law Schools) 
650 0 4 |a Constituciones  |x Legislacin̤  |x Publicaciones perid̤icas 
650 0 4 |a Multiculturalismo  |x Publicaciones perid̤icas 
650 0 4 |a Tribunales constitucionales  |x Amřica Latina  |x Publicaciones perid̤icas 
740 0 |a vLex Libros (Servicios en ln̕ea) 
856 |z Acceso restringido  |u http://vlex.com/source/4884 
942 |c BOOK 
999 4 |a Constituciones 
999 4 |a Minora̕s lingüs̕ticas 
999 4 |a Pluralismo cultural 
999 4 |a Tribunales constitucionales